[Event "DVM U12 2019"]
[Site "Magdeburg GER"]
[Date "2019.12.28"]
[Round "3"]
[White "von Mettenheim, Johannes"]
[Black "Nitsche, Nikolai"]
[Result "1-0"]
[Termination "normal"]
[Board "1.1"]
[WhiteElo "1971"]
[BlackElo "1808"]
[WhiteClock "00:16:37"]
[BlackClock "00:29:52"]
[WhiteTeam "Schachzentrum Bemerode"]
[BlackTeam "SV Empor Berlin e.V."]
[PlyCount "77"]
[WhiteFideId "16244818"]
[BlackFideId "16221036"]
[EventCountry "GER"]
[EventRounds "7"]
[EventType "team-swiss"]
[EventDate "2019.12.26"]

1. d4 {[%clk 1:30:58]} d5 {[%clk 1:30:42]} 2. c4 {[%clk 1:31:18]} e6 {[%clk
1:30:57]} 3. Nf3 {[%clk 1:31:42]} c6 {[%clk 1:31:10]} 4. Qc2 {[%clk 1:32:04]}
dxc4 {[%clk 1:29:27]} 5. Qxc4 {[%clk 1:31:28]} b5 {[%clk 1:27:51]} 6. Qc2
{[%clk 1:31:50]} Bb7 {[%clk 1:27:44]} 7. g3 {[%clk 1:31:42]} Nd7 {[%clk
1:26:12]} 8. Bg2 {[%clk 1:26:40]} c5 {[%clk 1:26:11]} 9. O-O {[%clk 1:24:52]}
Ngf6 {[%clk 1:23:28]} 10. Nbd2 {[%clk 1:04:19]} Be7 {[%clk 1:20:56]} 11. dxc5
{[%clk 1:02:07]} Nxc5 {[%clk 1:20:40]} 12. Rd1 {[%clk 0:55:34]} Qb6 {[%clk
1:17:35]} 13. Nb3 {[%clk 0:51:13]} Be4 {[%clk 1:14:39]} 14. Qc3 {[%clk
0:51:18]} b4 {[%clk 1:12:10]} 15. Qe5 {[%clk 0:43:51]} Nxb3 {[%clk 1:06:27]}
16. axb3 {[%clk 0:43:24]} O-O {[%clk 1:02:37]} 17. Be3 {[%clk 0:41:59]} Qb7
{[%clk 1:02:09]} 18. Rdc1 {[%clk 0:32:31]} Ng4 {[%clk 0:59:44]} 19. Qc7 {[%clk
0:28:57]} Nxe3 {[%clk 0:59:31]} 20. Qxb7 {[%clk 0:28:59]} Bxb7 {[%clk 0:59:48]}
21. fxe3 {[%clk 0:29:12]} Bf6 {[%clk 0:56:11]} 22. Nd4 {[%clk 0:28:33]} Bxg2
{[%clk 0:48:46]} 23. Kxg2 {[%clk 0:28:56]} Rfd8 {[%clk 0:47:10]} 24. Rc4 {[%clk
0:27:34]} Bxd4 {[%clk 0:46:42]} 25. exd4 {[%clk 0:27:55]} a5 {[%clk 0:44:46]}
26. e3 {[%clk 0:26:26]} f5 {[%clk 0:45:08]} 27. Rc5 {[%clk 0:21:40]} Rd5 {[%clk
0:41:37]} 28. Kf2 {[%clk 0:16:31]} Rxc5 {[%clk 0:34:52]} 29. dxc5 {[%clk
0:16:59]} e5 {[%clk 0:35:14]} 30. e4 {[%clk 0:16:46]} fxe4 {[%clk 0:34:04]} 31.
Ke3 {[%clk 0:17:10]} Kf7 {[%clk 0:34:24]} 32. Kxe4 {[%clk 0:17:33]} Ke6 {[%clk
0:31:27]} 33. Rd1 {[%clk 0:17:53]} a4 {[%clk 0:31:51]} 34. Rd6+ {[%clk
0:17:13]} Ke7 {[%clk 0:32:11]} 35. bxa4 {[%clk 0:17:33]} Rxa4 {[%clk 0:32:35]}
36. Kxe5 {[%clk 0:17:17]} Ra2 {[%clk 0:30:38]} 37. Rd2 {[%clk 0:17:41]} b3
{[%clk 0:30:29]} 38. Kd4 {[%clk 0:16:37]} Kd7 {[%clk 0:29:52]} 39. Ke4+ 1-0

[Event "DVM U12 2019"]
[Site "Magdeburg GER"]
[Date "2019.12.28"]
[Round "3"]
[White "Freude, Max"]
[Black "Rehbein, Vitus"]
[Result "1-0"]
[Termination "normal"]
[Board "1.2"]
[WhiteElo "1809"]
[BlackElo "1547"]
[WhiteClock "00:56:30"]
[BlackClock "00:55:45"]
[WhiteTeam "SV Empor Berlin e.V."]
[BlackTeam "Schachzentrum Bemerode"]
[PlyCount "47"]
[WhiteFideId "16236157"]
[BlackFideId "16273427"]
[EventCountry "GER"]
[EventRounds "7"]
[EventType "team-swiss"]
[EventDate "2019.12.26"]

1. e4 {[%clk 1:30:59]} d6 {[%clk 1:30:57]} 2. d4 {[%clk 1:31:21]} Nf6 {[%clk
1:31:22]} 3. Nc3 {[%clk 1:31:43]} g6 {[%clk 1:31:46]} 4. Be3 {[%clk 1:31:58]}
Bg7 {[%clk 1:32:10]} 5. f3 {[%clk 1:32:24]} O-O {[%clk 1:32:34]} 6. Qd2 {[%clk
1:32:50]} Nc6 {[%clk 1:32:54]} 7. g4 {[%clk 1:32:39]} e5 {[%clk 1:31:52]} 8. d5
{[%clk 1:32:42]} Ne7 {[%clk 1:29:28]} 9. O-O-O {[%clk 1:32:10]} Bd7 {[%clk
1:26:00]} 10. h4 {[%clk 1:30:13]} h5 {[%clk 1:26:11]} 11. gxh5 {[%clk 1:24:32]}
Nxh5 {[%clk 1:26:32]} 12. Nge2 {[%clk 1:23:30]} f6 {[%clk 1:19:06]} 13. Rg1
{[%clk 1:22:56]} Qb8 {[%clk 1:17:51]} 14. Ng3 {[%clk 1:22:06]} Nxg3 {[%clk
1:17:20]} 15. Rxg3 {[%clk 1:22:26]} Rd8 {[%clk 1:17:29]} 16. Bh6 {[%clk
1:21:58]} c6 {[%clk 1:11:54]} 17. Bc4 {[%clk 1:18:58]} Kh7 {[%clk 1:08:36]} 18.
Bxg7 {[%clk 1:18:08]} Kxg7 {[%clk 1:08:47]} 19. Rdg1 {[%clk 1:16:27]} Rh8
{[%clk 1:04:03]} 20. Qg2 {[%clk 1:14:25]} Be8 {[%clk 1:03:49]} 21. Qh3 {[%clk
1:04:50]} Qc8 {[%clk 0:59:59]} 22. h5 {[%clk 0:56:07]} Rxh5 {[%clk 0:55:45]}
23. Qxh5 {[%clk 0:56:30]} Qh3 24. Qxh3 1-0

[Event "DVM U12 2019"]
[Site "Magdeburg GER"]
[Date "2019.12.28"]
[Round "3"]
[White "Bungarten, Jona"]
[Black "Fuhrmann, Bahne"]
[Result "1/2-1/2"]
[Termination "normal"]
[Board "2.1"]
[WhiteElo "1750"]
[BlackElo "1603"]
[WhiteClock "00:55:19"]
[BlackClock "01:01:20"]
[WhiteTeam "Schachfreunde Brackel 1930 e. V."]
[BlackTeam "Hamburger SK"]
[PlyCount "62"]
[WhiteFideId "16223608"]
[BlackFideId "16244842"]
[EventCountry "GER"]
[EventRounds "7"]
[EventType "team-swiss"]
[EventDate "2019.12.26"]

1. e4 {[%clk 1:30:57]} e5 {[%clk 1:30:55]} 2. Nf3 {[%clk 1:31:17]} Nc6 {[%clk
1:31:22]} 3. Bc4 {[%clk 1:31:43]} Bc5 {[%clk 1:31:47]} 4. c3 {[%clk 1:32:06]}
Nf6 {[%clk 1:32:12]} 5. d4 {[%clk 1:32:31]} exd4 {[%clk 1:32:37]} 6. cxd4
{[%clk 1:32:55]} Bb4+ {[%clk 1:32:59]} 7. Nc3 {[%clk 1:33:21]} Nxe4 {[%clk
1:33:17]} 8. O-O {[%clk 1:33:44]} Bxc3 {[%clk 1:33:24]} 9. d5 {[%clk 1:34:03]}
Bf6 {[%clk 1:32:56]} 10. Re1 {[%clk 1:34:16]} Ne7 {[%clk 1:33:05]} 11. Rxe4
{[%clk 1:34:39]} d6 {[%clk 1:33:27]} 12. Bg5 {[%clk 1:33:58]} Bxg5 {[%clk
1:32:42]} 13. Nxg5 {[%clk 1:34:17]} h6 {[%clk 1:32:07]} 14. Qe2 {[%clk
1:34:18]} hxg5 {[%clk 1:32:13]} 15. Re1 {[%clk 1:34:41]} Be6 {[%clk 1:32:36]}
16. h3 {[%clk 1:34:10]} c6 {[%clk 1:26:53]} 17. dxe6 {[%clk 1:34:15]} f6 {[%clk
1:26:44]} 18. Rg4 {[%clk 1:34:33]} Ng6 {[%clk 1:19:29]} 19. Qc2 {[%clk
1:19:23]} Rh6 {[%clk 1:16:42]} 20. e7 {[%clk 1:12:11]} Qc7 {[%clk 1:15:00]} 21.
f4 {[%clk 1:08:34]} Nxf4 {[%clk 1:13:34]} 22. Qf5 {[%clk 1:05:07]} Qb6+ {[%clk
1:08:13]} 23. Kf1 {[%clk 1:01:19]} Qd4 {[%clk 1:02:42]} 24. Bf7+ {[%clk
0:59:47]} Kxf7 {[%clk 1:02:39]} 25. e8=Q+ {[%clk 1:00:09]} Rxe8 {[%clk
1:02:36]} 26. Qd7+ {[%clk 1:00:32]} Kg6 {[%clk 0:59:39]} 27. Qxe8+ {[%clk
0:59:04]} Kf5 {[%clk 0:59:48]} 28. Qd7+ {[%clk 0:54:06]} Kg6 {[%clk 1:00:06]}
29. Qe8+ {[%clk 0:54:31]} Kf5 {[%clk 1:00:31]} 30. Qd7+ {[%clk 0:54:53]} Kg6
{[%clk 1:00:56]} 31. Qe8+ {[%clk 0:55:19]} Kf5 {[%clk 1:01:20]} 1/2-1/2

[Event "DVM U12 2019"]
[Site "Magdeburg GER"]
[Date "2019.12.28"]
[Round "3"]
[White "Kempe, Caius Emilian"]
[Black "Schön, Florian"]
[Result "1-0"]
[Termination "normal"]
[Board "3.1"]
[WhiteElo "1832"]
[BlackElo "1713"]
[WhiteClock "00:32:33"]
[BlackClock "00:56:56"]
[WhiteTeam "USV TU Dresden"]
[BlackTeam "BSG Grün-Weiß Leipzig e. V."]
[PlyCount "145"]
[WhiteFideId "16246861"]
[BlackFideId "16259394"]
[EventCountry "GER"]
[EventRounds "7"]
[EventType "team-swiss"]
[EventDate "2019.12.26"]

1. e4 {[%clk 1:30:57]} e5 {[%clk 1:31:00]} 2. Nf3 {[%clk 1:31:20]} Nc6 {[%clk
1:31:27]} 3. Bc4 {[%clk 1:31:42]} Bc5 {[%clk 1:31:54]} 4. b4 {[%clk 1:32:03]}
Bxb4 {[%clk 1:32:18]} 5. c3 {[%clk 1:32:27]} Bc5 {[%clk 1:32:14]} 6. d4 {[%clk
1:32:50]} exd4 {[%clk 1:32:41]} 7. cxd4 {[%clk 1:33:07]} Bb4+ {[%clk 1:33:08]}
8. Bd2 {[%clk 1:33:27]} Bxd2+ {[%clk 1:33:31]} 9. Nbxd2 {[%clk 1:33:56]} Nf6
{[%clk 1:33:30]} 10. Ng5 {[%clk 1:29:59]} O-O {[%clk 1:30:17]} 11. e5 {[%clk
1:30:19]} d5 {[%clk 1:29:34]} 12. Bd3 {[%clk 0:54:25]} Ne4 {[%clk 1:29:15]} 13.
Ngf3 {[%clk 0:50:12]} Bg4 {[%clk 1:21:47]} 14. Nxe4 {[%clk 0:43:13]} dxe4
{[%clk 1:21:11]} 15. Bxe4 {[%clk 0:43:17]} Bxf3 {[%clk 1:21:20]} 16. Bxf3
{[%clk 0:42:47]} Qxd4 {[%clk 1:21:35]} 17. Qxd4 {[%clk 0:42:13]} Nxd4 {[%clk
1:22:04]} 18. Bxb7 {[%clk 0:41:13]} Rae8 {[%clk 1:21:49]} 19. O-O-O {[%clk
0:37:04]} Ne2+ {[%clk 1:17:58]} 20. Kc2 {[%clk 0:36:39]} Rxe5 {[%clk 1:17:34]}
21. Bf3 {[%clk 0:35:38]} Rc5+ {[%clk 1:15:37]} 22. Kd2 {[%clk 0:34:17]} Nd4
{[%clk 1:15:31]} 23. Be4 {[%clk 0:33:16]} Re8 {[%clk 1:06:49]} 24. Bd3 {[%clk
0:32:34]} Ra5 {[%clk 1:06:47]} 25. Bc4 {[%clk 0:31:52]} Ra4 {[%clk 1:03:46]}
26. Kc3 {[%clk 0:31:42]} c5 {[%clk 1:03:45]} 27. Rb1 {[%clk 0:31:12]} Ra3+
{[%clk 1:02:33]} 28. Kb2 {[%clk 0:31:03]} Ra4 {[%clk 1:02:48]} 29. Kc3 {[%clk
0:31:15]} h6 {[%clk 0:51:49]} 30. Rb7 {[%clk 0:30:55]} Rxc4+ {[%clk 0:52:17]}
31. Kxc4 {[%clk 0:30:00]} Nc6 {[%clk 0:51:33]} 32. Kxc5 {[%clk 0:29:25]} Rc8
{[%clk 0:51:56]} 33. Kd5 {[%clk 0:28:44]} a5 {[%clk 0:52:13]} 34. a3 {[%clk
0:28:38]} Kf8 {[%clk 0:52:25]} 35. Re1 {[%clk 0:28:39]} g6 {[%clk 0:52:04]} 36.
Re4 {[%clk 0:28:13]} h5 {[%clk 0:52:22]} 37. Rc4 {[%clk 0:23:26]} Ne7+ {[%clk
0:52:51]} 38. Rxe7 {[%clk 0:23:08]} Rd8+ {[%clk 0:53:18]} 39. Kc5 {[%clk
0:23:12]} Kxe7 {[%clk 0:53:47]} 40. Kb5 {[%clk 0:23:39]} Ra8 {[%clk 0:53:14]}
41. Ra4 {[%clk 0:23:37]} Kd6 {[%clk 0:52:56]} 42. Rxa5 {[%clk 0:23:58]} Rb8+
{[%clk 0:53:10]} 43. Kc4 {[%clk 0:24:11]} Rb2 {[%clk 0:53:34]} 44. Ra6+ {[%clk
0:24:36]} Ke7 {[%clk 0:53:57]} 45. a4 {[%clk 0:24:55]} Rxf2 {[%clk 0:54:23]}
46. a5 {[%clk 0:25:10]} Rxg2 {[%clk 0:53:47]} 47. Ra8 {[%clk 0:24:56]} f5
{[%clk 0:53:20]} 48. a6 {[%clk 0:25:21]} f4 {[%clk 0:53:44]} 49. a7 {[%clk
0:25:42]} Ra2 {[%clk 0:54:11]} 50. Rh8 {[%clk 0:25:48]} f3 {[%clk 0:53:37]} 51.
a8=Q {[%clk 0:26:11]} Rxa8 {[%clk 0:53:45]} 52. Rxa8 {[%clk 0:26:40]} g5 {[%clk
0:53:50]} 53. Kd3 {[%clk 0:27:05]} Ke6 {[%clk 0:53:42]} 54. Ke3 {[%clk
0:27:32]} g4 {[%clk 0:53:32]} 55. Kf4 {[%clk 0:27:08]} Kf6 {[%clk 0:52:55]} 56.
Ra6+ {[%clk 0:27:31]} Kf7 {[%clk 0:52:26]} 57. Kg3 {[%clk 0:27:54]} Kg7 {[%clk
0:52:49]} 58. h3 {[%clk 0:27:18]} gxh3 {[%clk 0:52:04]} 59. Kxf3 {[%clk
0:27:40]} h4 {[%clk 0:52:21]} 60. Kf2 {[%clk 0:27:56]} Kh7 {[%clk 0:52:36]} 61.
Kg1 {[%clk 0:28:06]} Kg7 {[%clk 0:52:55]} 62. Kh2 {[%clk 0:28:33]} Kh7 {[%clk
0:53:15]} 63. Kxh3 {[%clk 0:29:00]} Kg7 {[%clk 0:53:43]} 64. Kxh4 {[%clk
0:29:24]} Kh7 {[%clk 0:53:58]} 65. Kg5 {[%clk 0:29:45]} Kg7 {[%clk 0:54:19]}
66. Ra7+ {[%clk 0:30:09]} Kf8 {[%clk 0:54:39]} 67. Kf6 {[%clk 0:30:35]} Ke8
{[%clk 0:55:06]} 68. Ke6 {[%clk 0:30:59]} Kd8 {[%clk 0:55:31]} 69. Rh7 {[%clk
0:31:17]} Kc8 {[%clk 0:55:52]} 70. Kd6 {[%clk 0:31:41]} Kb8 {[%clk 0:56:06]}
71. Kc6 {[%clk 0:31:45]} Ka8 {[%clk 0:56:33]} 72. Kb6 {[%clk 0:32:08]} Kb8
{[%clk 0:56:56]} 73. Rh8# {[%clk 0:32:33]} 1-0

[Event "DVM U12 2019"]
[Site "Magdeburg GER"]
[Date "2019.12.28"]
[Round "3"]
[White "Hecht, Jonas Christian"]
[Black "Hoffmann, Kay"]
[Result "0-1"]
[Termination "normal"]
[Board "4.1"]
[WhiteElo "1754"]
[BlackElo "1621"]
[WhiteTeam "SC Kreuzberg e.V."]
[BlackTeam "Barnimer Schachfreunde im SV Stahl Finow e.V."]
[PlyCount "36"]
[WhiteFideId "16214846"]
[BlackFideId "16227000"]
[EventCountry "GER"]
[EventRounds "7"]
[EventType "team-swiss"]
[EventDate "2019.12.26"]

1. e4 d5 2. exd5 Qxd5 3. Nc3 Qa5 4. d4 Nc6 5. Bc4 Nf6 6. Bd2 Bg4 7. f3 Bf5 8.
Nge2 O-O-O 9. O-O e5 10. Nd5 Qa4 11. Bb3 Qa6 12. Nxf6 gxf6 13. d5 Nb4 14. Nc3
Rg8 15. a3 Bh3 16. axb4 Qb6+ 17. Rf2 Rxg2+ 18. Kh1 Qxf2 0-1

[Event "DVM U12 2019"]
[Site "Magdeburg GER"]
[Date "2019.12.28"]
[Round "3"]
[White "Beyer, Lorenz"]
[Black "Held, Momme Fredrik"]
[Result "1-0"]
[Termination "normal"]
[Board "4.2"]
[WhiteElo "1274"]
[BlackElo "1573"]
[WhiteTeam "Barnimer Schachfreunde im SV Stahl Finow e.V."]
[BlackTeam "SC Kreuzberg e.V."]
[PlyCount "81"]
[WhiteFideId "16245393"]
[BlackFideId "16237692"]
[EventCountry "GER"]
[EventRounds "7"]
[EventType "team-swiss"]
[EventDate "2019.12.26"]

1. d4 d5 2. Nf3 e6 3. Bf4 f5 4. e3 Nf6 5. Bd3 Nbd7 6. O-O Be7 7. Nc3 O-O 8. Nb5
Ne8 9. c4 c6 10. Nc3 Nd6 11. c5 Ne4 12. Bxe4 fxe4 13. Ne5 Nf6 14. Qe2 Qe8 15.
b4 b6 16. a4 a5 17. Qb2 Bd7 18. Rfb1 Nh5 19. Nxd7 Qxd7 20. Be5 Nf6 21. h3 Qa7
22. cxb6 Qxb6 23. bxa5 Qxa5 24. Ne2 Nd7 25. Bg3 Qa6 26. Qb7 Qxe2 27. Qxd7 Bg5
28. Qxe6+ Kh8 29. Qxc6 Rad8 30. Re1 Qd2 31. Qc1 Qa5 32. Bc7 Qa6 33. Bxd8 Bxd8
34. Qc5 Qf6 35. Rf1 Qf7 36. a5 Be7 37. Qb5 Bd6 38. a6 Qa7 39. Qb7 Qxb7 40. axb7
Bh2+ 41. Kxh2 1-0

[Event "DVM U12 2019"]
[Site "Magdeburg GER"]
[Date "2019.12.28"]
[Round "3"]
[White "Lieske, Aaron"]
[Black "Studzinski, Bruno"]
[Result "1-0"]
[Termination "normal"]
[Board "4.3"]
[WhiteElo "1493"]
[BlackElo "1244"]
[WhiteTeam "SC Kreuzberg e.V."]
[BlackTeam "Barnimer Schachfreunde im SV Stahl Finow e.V."]
[PlyCount "98"]
[WhiteFideId "16297938"]
[BlackFideId "16296478"]
[EventCountry "GER"]
[EventRounds "7"]
[EventType "team-swiss"]
[EventDate "2019.12.26"]

1. e4 d5 2. exd5 Nf6 3. d4 Qxd5 4. Nc3 Qd8 5. Bc4 Bf5 6. Nf3 e6 7. O-O Be7 8.
Re1 O-O 9. Bf4 Bd6 10. Ne5 Nfd7 11. Nxd7 Nxd7 12. Bxd6 cxd6 13. Bb3 d5 14. Qf3
Qg5 15. Ne2 Be4 16. Qh3 Qg6 17. Rac1 Nb6 18. Ng3 Bf5 19. Nxf5 Qxf5 20. Qxf5
exf5 21. Re5 Rad8 22. Rxf5 Rfe8 23. Rf4 Re2 24. Kf1 Re7 25. a4 a5 26. Rf3 Rc8
27. c3 Nc4 28. Bxc4 Rxc4 29. b3 Rc8 30. c4 dxc4 31. bxc4 f6 32. d5 Rec7 33.
Rfc3 Kf7 34. Ke2 Ke7 35. c5 f5 36. d6+ Kd7 37. dxc7 Rxc7 38. Rd3+ Kc8 39. Rd6
Kb8 40. c6 b6 41. Rd7 g6 42. Rxc7 Kxc7 43. Kd3 f4 44. Ke4 g5 45. h4 h6 46. hxg5
hxg5 47. Kf5 g4 48. Kxg4 b5 49. axb5 a4 1-0

[Event "DVM U12 2019"]
[Site "Magdeburg GER"]
[Date "2019.12.28"]
[Round "3"]
[White "Dominick, Maximilian"]
[Black "Koulouris, Fabian"]
[Result "0-1"]
[Termination "normal"]
[Board "4.4"]
[WhiteElo "1120"]
[BlackElo "1261"]
[WhiteTeam "Barnimer Schachfreunde im SV Stahl Finow e.V."]
[BlackTeam "SC Kreuzberg e.V."]
[PlyCount "128"]
[WhiteFideId "16296486"]
[BlackFideId "16297946"]
[EventCountry "GER"]
[EventRounds "7"]
[EventType "team-swiss"]
[EventDate "2019.12.26"]

1. d4 Nf6 2. Bf4 g6 3. e3 Bg7 4. c4 d5 5. Nf3 e6 6. Nbd2 Nbd7 7. Bd3 c5 8. cxd5
Nxd5 9. e4 Nxf4 10. Nb3 Nxg2+ 11. Kf1 Nf4 12. Qd2 Nxd3 13. Qxd3 cxd4 14. Nbxd4
Ne5 15. Nxe5 Bxe5 16. Qb5+ Ke7 17. Qxe5 f6 18. Qc5+ Qd6 19. Qxd6+ Kxd6 20. Rd1
Ke7 21. f4 Rd8 22. Ke2 e5 23. fxe5 fxe5 24. Nf3 Bg4 25. Ke3 Bxf3 26. Kxf3 Rf8+
27. Ke3 Rad8 28. Rc1 Rc8 29. Rxc8 Rxc8 30. Kd3 b5 31. b4 Rc6 32. h4 Ra6 33. Rh2
Ra3+ 34. Ke2 Rc3 35. Kd2 Rc4 36. a3 Rxe4 37. h5 g5 38. Kd3 Rh4 39. Re2 Ke6 40.
Rc2 Kd6 41. Rc5 a6 42. a4 Rxb4 43. Rc8 Rh4 44. axb5 axb5 45. Rb8 Rxh5 46. Rb6+
Kd5 47. Rxb5+ Ke6 48. Rb6+ Kf5 49. Rb8 Rh3+ 50. Ke2 Ke4 51. Rb4+ Kf5 52. Kf2 h5
53. Kg2 Rh4 54. Rb3 Rf4 55. Rh3 h4 56. Rc3 Kg4 57. Rc5 h3+ 58. Kg1 Kg3 59. Rc3+
Rf3 60. Rc2 h2+ 61. Rxh2 Rf1+ 62. Kxf1 Kxh2 63. Kf2 g4 64. Kf1 g3 0-1

[Event "DVM U12 2019"]
[Site "Magdeburg GER"]
[Date "2019.12.28"]
[Round "3"]
[White "Chugunov, Ivan"]
[Black "Rumpold, Jaron"]
[Result "1/2-1/2"]
[Termination "normal"]
[Board "5.2"]
[WhiteElo "1383"]
[BlackElo "1123"]
[WhiteTeam "SC Ostfildern 1952 e.V."]
[BlackTeam "SV Roter Turm Halle"]
[PlyCount "126"]
[WhiteFideId "16256808"]
[BlackFideId "16265793"]
[EventCountry "GER"]
[EventRounds "7"]
[EventType "team-swiss"]
[EventDate "2019.12.26"]

1. e4 c5 2. Nf3 d6 3. d4 cxd4 4. Nxd4 Nf6 5. Nc3 Nc6 6. Bg5 e5 7. Bxf6 Qxf6 8.
Nd5 Qd8 9. Nb5 Qa5+ 10. c3 Be6 11. Nbc7+ Kd7 12. Nxa8 Bxd5 13. exd5 Ne7 14. Bc4
g6 15. Qb3 Kc8 16. O-O-O Bh6+ 17. Kb1 Kb8 18. g3 Kxa8 19. f4 e4 20. Be2 f5 21.
h4 Qc5 22. Qc4 Qb6 23. Qd4 Qxd4 24. Rxd4 Rc8 25. h5 g5 26. fxg5 Bxg5 27. c4 Bf6
28. Rdd1 Be5 29. Rhg1 Rg8 30. g4 f4 31. Rdf1 Bd4 32. Rg2 f3 33. Bxf3 exf3 34.
Rxf3 h6 35. g5 hxg5 36. Rxg5 Rh8 37. h6 a6 38. Rh3 Bf6 39. Rg4 Ka7 40. h7 Be5
41. Rh6 a5 42. a3 Kb6 43. b4 axb4 44. axb4 Ka7 45. Kc2 Nf5 46. Rh3 Ne7 47. Kd3
Rc8 48. Rh5 Ka6 49. Rxe5 dxe5 50. d6 Rd8 51. Ke4 Nc8 52. Rg8 Nxd6+ 53. Kf3 e4+
54. Kf4 e3 55. Kxe3 Nxc4+ 56. Ke4 Nd2+ 57. Ke5 Nc4+ 58. Ke6 Rd6+ 59. Ke7 Rh6
60. Rg6+ Rxg6 61. h8=Q Rb6 62. Qh5 Rxb4 63. Qe2 b6 1/2-1/2

[Event "DVM U12 2019"]
[Site "Magdeburg GER"]
[Date "2019.12.28"]
[Round "3"]
[White "Adelmeyer, Nelly"]
[Black "Walter, Romeo"]
[Result "1/2-1/2"]
[Termination "normal"]
[Board "5.3"]
[WhiteElo "1453"]
[BlackElo "1501"]
[WhiteTeam "SV Roter Turm Halle"]
[BlackTeam "SC Ostfildern 1952 e.V."]
[PlyCount "90"]
[WhiteFideId "16203577"]
[BlackFideId "16275055"]
[EventCountry "GER"]
[EventRounds "7"]
[EventType "team-swiss"]
[EventDate "2019.12.26"]

1. d4 d5 2. Nf3 Nf6 3. e3 c5 4. Bd3 e6 5. Nbd2 Nc6 6. b3 b6 7. Bb2 Bb7 8. O-O
Be7 9. a3 O-O 10. c4 Rc8 11. Qc2 Qd7 12. Rac1 Rfd8 13. dxc5 dxc4 14. Bxc4 bxc5
15. Rfd1 Qc7 16. Bd3 Rd7 17. Bxf6 Bxf6 18. Bxh7+ Kh8 19. Bd3 Rcd8 20. Ne4 Be7
21. Bc4 Rxd1+ 22. Rxd1 Rxd1+ 23. Qxd1 Ne5 24. Nxe5 Qxe5 25. Ng3 Bc6 26. Qh5+
Qxh5 27. Nxh5 g6 28. Nf4 Kg7 29. Nd3 Kf6 30. f4 Kf5 31. Ne5 Be8 32. Bd3+ Kf6
33. h4 Kg7 34. g3 f6 35. Nf3 Bc6 36. Nd2 f5 37. e4 Kf6 38. e5+ Kf7 39. Bc4 Bd5
40. Kf2 Bd8 41. Ke3 Ba5 42. Ke2 Ke7 43. Nf3 Bxc4+ 44. bxc4 Bd8 45. Nd2 Kd7
1/2-1/2

[Event "DVM U12 2019"]
[Site "Magdeburg GER"]
[Date "2019.12.28"]
[Round "3"]
[White "Kasperovich, Christian"]
[Black "Spinka, Georg Kamil"]
[Result "0-1"]
[Termination "normal"]
[Board "5.4"]
[WhiteElo "786"]
[BlackElo "1338"]
[WhiteTeam "SC Ostfildern 1952 e.V."]
[BlackTeam "SV Roter Turm Halle"]
[PlyCount "110"]
[WhiteFideId "16298012"]
[BlackFideId "16297962"]
[EventCountry "GER"]
[EventRounds "7"]
[EventType "team-swiss"]
[EventDate "2019.12.26"]

1. e4 c5 2. Nf3 d6 3. Bc4 Nf6 4. Nc3 g6 5. Ng5 e6 6. O-O Bg7 7. d3 O-O 8. d4
cxd4 9. Qxd4 Nc6 10. Qd1 a6 11. Bf4 e5 12. Be3 Ng4 13. h3 Nxe3 14. fxe3 Qxg5
15. Qf3 Be6 16. Nd5 Na5 17. Bb3 Nxb3 18. axb3 Rac8 19. c3 Bxd5 20. exd5 Bh6 21.
e4 Qe3+ 22. Qxe3 Bxe3+ 23. Kh1 f5 24. exf5 gxf5 25. Rfe1 Bb6 26. Ra4 Bf2 27.
Rf1 Bg3 28. Rf3 f4 29. Rb4 b5 30. c4 Rc5 31. Kg1 a5 32. Rxb5 Rxb5 33. cxb5 Rb8
34. Kf1 Rxb5 35. Rd3 Kf7 36. Ke2 Rb4 37. Rc3 Rb5 38. Rc7+ Kg6 39. Rc4 Rxd5 40.
Ra4 Kf5 41. Kf3 Rb5 42. Ke2 Rxb3 43. Rxa5 Rxb2+ 44. Kd3 Rxg2 45. Ra7 e4+ 46.
Kd4 Bf2+ 47. Kd5 Bxa7 48. Kxd6 f3 49. h4 f2 50. h5 f1=R 51. Ke7 Rg7+ 52. Kd8
Rb7 53. Ke8 Rc1 54. Kd8 Bb6+ 55. Ke8 Rc8# 0-1

[Event "DVM U12 2019"]
[Site "Magdeburg GER"]
[Date "2019.12.28"]
[Round "3"]
[White "Kliffken, Julian"]
[Black "Bock, Marlon"]
[Result "1/2-1/2"]
[Termination "normal"]
[Board "6.1"]
[WhiteElo "1476"]
[BlackElo "1708"]
[WhiteTeam "Schachgemeinschaft Porz e. V."]
[BlackTeam "SSV Vimaria 91 Weimar"]
[PlyCount "94"]
[WhiteFideId "16298071"]
[BlackFideId "16244931"]
[EventCountry "GER"]
[EventRounds "7"]
[EventType "team-swiss"]
[EventDate "2019.12.26"]

1. d4 d5 2. Nc3 f5 3. Bf4 e6 4. Nf3 Nf6 5. e3 Bd6 6. Be5 O-O 7. Bd3 Ne4 8. h4
Nd7 9. Bxe4 dxe4 10. Ng5 Nf6 11. O-O b6 12. b3 Bxe5 13. dxe5 Qxd1 14. Raxd1 Ng4
15. Nb5 h6 16. Nh3 Ba6 17. c4 Bxb5 18. cxb5 Nxe5 19. Nf4 Kf7 20. Rc1 Rac8 21.
Rc3 c5 22. bxc6 Rxc6 23. Rfc1 Rfc8 24. Rxc6 Rxc6 25. Rxc6 Nxc6 26. Kf1 g5 27.
hxg5 hxg5 28. Ne2 e5 29. Ng3 Ke6 30. Ke2 Nb4 31. a3 Nc2 32. a4 Nb4 33. Kd2 Nd5
34. Kc2 a5 35. Kd2 Ne7 36. Kc3 Kd5 37. Nh5 Kc5 38. Nf6 Nd5+ 39. Nxd5 Kxd5 40.
g3 Kc5 41. Kb2 Kb4 42. Kc2 b5 43. axb5 Kxb5 44. Kc3 Kc5 45. Kc2 Kb4 46. Kb2 g4
47. Kc2 Kc5 1/2-1/2

[Event "DVM U12 2019"]
[Site "Magdeburg GER"]
[Date "2019.12.28"]
[Round "3"]
[White "Krömer, Emanuel"]
[Black "Marcziter, Alex"]
[Result "0-1"]
[Termination "normal"]
[Board "6.2"]
[WhiteElo "1459"]
[BlackElo "1335"]
[WhiteTeam "SSV Vimaria 91 Weimar"]
[BlackTeam "Schachgemeinschaft Porz e. V."]
[PlyCount "74"]
[WhiteFideId "16287070"]
[BlackFideId "16258126"]
[EventCountry "GER"]
[EventRounds "7"]
[EventType "team-swiss"]
[EventDate "2019.12.26"]

1. d4 d5 2. Nf3 Nf6 3. e3 c5 4. c4 Nc6 5. a3 e6 6. Nc3 Be7 7. dxc5 Bxc5 8. b4
Bd6 9. c5 Bc7 10. Be2 O-O 11. O-O a6 12. Qc2 Qe7 13. Bb2 h6 14. Rad1 Rd8 15.
Rd2 Bd7 16. Re1 Rac8 17. Qb3 Be8 18. Rc1 Rd7 19. Bd1 Rcd8 20. Ne2 e5 21. Bc2 e4
22. Nfd4 Nxd4 23. Nxd4 g6 24. c6 Rd6 25. cxb7 Rb8 26. a4 Rxb7 27. b5 axb5 28.
axb5 Rdb6 29. Ba3 Bd6 30. Ra1 Bxa3 31. Rxa3 Bxb5 32. Ra8+ Kg7 33. h3 Bc4 34.
Qc3 Qb4 35. Qxb4 Rxb4 36. Rd1 Nd7 37. Raa1 Nc5 0-1

[Event "DVM U12 2019"]
[Site "Magdeburg GER"]
[Date "2019.12.28"]
[Round "3"]
[White "Stadelmann, Constantin"]
[Black "Bröcker, David"]
[Result "1-0"]
[Termination "normal"]
[Board "6.4"]
[WhiteElo "1295"]
[BlackElo "1168"]
[WhiteTeam "SSV Vimaria 91 Weimar"]
[BlackTeam "Schachgemeinschaft Porz e. V."]
[PlyCount "29"]
[WhiteFideId "16297970"]
[BlackFideId "16298098"]
[EventCountry "GER"]
[EventRounds "7"]
[EventType "team-swiss"]
[EventDate "2019.12.26"]

1. d4 d5 2. Nf3 Nf6 3. e3 Bf5 4. c4 e6 5. Nc3 Nc6 6. Bd2 Nb4 7. Rc1 Bd3 8. a3
Bxf1 9. axb4 Bxc4 10. Qa4+ c6 11. Ne5 Bb5 12. Nxb5 cxb5 13. Qxb5+ Ke7 14. O-O
b6 15. Nc6+ 1-0